00671nam a2200229Ia 450000500170000000800410001708200190005824500650007726000410014230000190018365000100020265000120021265000160022465000130024065000180025365000130027170000200028470000210030494200060032595200950033199900150042620250219031407.0240331s9999 xx 000 0 und d bGOR243a305.4 0aWomen in Sexist Society:bStudies in Power and Powerlessness aNew YorkbNew American Libraryc1971 axxxii, 704 p., aWomen aSociety aPsychology  aFeminism aWorking Women aMarriage aGornick, Veedt aMoran, B. Keedt cL 001040708LaWERCLbWERCLcSSCd2024-03-31l0o 305.4 WOMp43r2024-03-31w2024-03-31yL c1737d1737